1629 1889 1759 1828 1278 1693 1299 1481 1607 1005 1257 1562 1945 1322 1489 1239 1374 1812 1810 1238 1614 1487 1932 1855 1603 1630 1095 1814 1519 1805 1670 1126 1173 1176 1577 1070 1346 1104 1526 1816 1820 1990 1637 1955 1940 1163 1805 1652 1228 1961 1244 1997 1589 1868 1059 1244 1129 1794 1036 1922 1508 1585 1376 1291 1066 1410 1283 1901 1507 1987 1452 1444 1464 1347 1987 1476 1355 1808 1298 1336 1351 1675 1153 1505 1343 1226 1723 1375 1908 1687 1992 1388 1224 1077 1295 1888 1159 1280 1136 BCNSPRNW ULIB Ver.6.0+V

เปลี่ยนเป็นภาษาไทย

Change to English
 แสดงรายละเอียดบรรณานุกรม
  กลับหน้าหลัก

Brief Record : Get Marc (ISO 2709) : E-mail record : QR code < ปิดหน้าต่าง
LEADER : 00000nam 2200000uu 4500
001    13399121303
003     ULIB
008    121114s2550||||th 000 0 tha d
020    ^a9789749986172
050 04 ^aPL4157^bพ113ภ
100 0  ^aพงศ์เกษม สนธิไทย
245 10 ^aภาษาไทย ๑ /^cพงศ์เกษม สนธิไทย
250    ^aพิมพ์ครั้งที่ 1
260    ^aกรุงเทพฯ :^bโอเดียนสโตร์,^c2550
300    ^a238 หน้า ;^c24 ซม
650  7 ^aภาษาไทย
945    ^p125^l0^i14154
995    ^aวิภา
999 ^a ทศพร
รายการนี้ยังไม่มีแท็ก
คุณยังไม่ได้ล็อกอิน คุณสามารถมีกิจกรรมร่วมกับเว็บไซต์ได้ แต่ต้องล็อกอินก่อน ::
  ล็อกอิน

รายการสื่อสารสนเทศ

ลำดับที่ ประเภท เลขเรียก/บาร์โค้ด สถานที่ สถานะ
1. วิทยาศาสตร์การแพทย์ และสุขภาพ
วิทยาศาสตร์การแพทย์ และสุขภาพ
PL4157 พ113ภ  
  Barcode: 14154
ห้องสมุดวิทยาเขตสวรรค์ประชารักษ์
►หนังสือทั่วไป
บนชั้น

รายการใกล้เคียง
    ผู้แต่ง [พงศ์เกษม สนธิไทย]

    หัวเรื่อง [ภาษาไทย]

BibComment


ยังไม่เคยถูกคอมเมนท์

คอมเมนท์ทรัพยากรรายการนี้
  คอมเมนท์: ภาษาไทย ๑ พงศ์เ..


 Copyright 2026. Bcnsprnw @Library